| 000 | 00836nam a2200253 a 4500 | ||
|---|---|---|---|
| 001 | 000047953 | ||
| 003 | DO-SdBNP | ||
| 005 | 20221213085431.0 | ||
| 007 | ta | ||
| 008 | 181005s2017 dr a 000 spa d | ||
| 020 | _a9789945168099 | ||
| 040 |
_aDO-SdBNP _bspa _cBNPHU |
||
| 082 | 4 |
_a618 _bE91o _222 |
|
| 100 | 1 |
_aEusebio, Héctor _954104 |
|
| 245 | 1 | 0 |
_aObstetricia y ginecología : _bpara pregrado,atención primaria, médicos familiares, médicos generales y médicos residentes / _cHéctor Eusebio. |
| 260 |
_aSanto Domingo : _bBúho, _c2017. |
||
| 300 |
_a537 p. : _bil ; _c24 cm. |
||
| 500 | _aIncluye bibliografía al final de los capítulos | ||
| 590 | _aInventariado, 2020 / DG | ||
| 650 | 4 |
_aGinecología _920061 |
|
| 650 | 4 |
_aObstetricia _920060 |
|
| 910 | _aValidado. Control de calidad MFF | ||
| 942 |
_2ddc _cLBS1 |
||
| 999 |
_c47441 _d47441 |
||